| 000 | 00653nam a2200181Ia 4500 | ||
|---|---|---|---|
| 008 | 090123s9999 xx 000 0 und d | ||
| 082 | _b4778 | ||
| 100 | _aमंगळवेढेकर राजा | ||
| 245 | _aविंध्यमित्र मध्यप्रदेश | ||
| 250 | _a1 | ||
| 260 |
_bसुलभ मु. _c1977 |
||
| 300 | _a95 | ||
| 600 | _aमंगळवेढेकर राजा | ||
| 630 | _aविंध्यमित्र मध्यप्रदेश | ||
| 700 | _aमंगळवेढेकर राजा | ||
| 730 | _aविंध्यमित्र मध्यप्रदेश | ||
| 942 | _cBOOK | ||
| 999 |
_c42853 _d42853 |
||